| 000 | 00550nam a2200193Ia 4500 | ||
|---|---|---|---|
| 003 | IN-BaIIA | ||
| 008 | 211028s9999 xx 000 0 eng d | ||
| 040 | _cIIA Library | ||
| 080 |
_a550.3(047.1) _bADV-13 |
||
| 100 |
_aLandsberg, H. E. _93316 |
||
| 245 | 0 |
_aAdvances in geophysics _bvol. 13 _cH. E. Landsberg and Van Mieghem J. |
|
| 260 |
_aNew York _bAcademic Press _c1969 |
||
| 300 | _ax, 267p. | ||
| 650 | _aAstronomy and Astrophysics Thesaurus | ||
| 650 | _aEarth | ||
| 650 |
_aGeophysics _954 |
||
| 700 |
_aVan Mieghem, J. _95988 |
||
| 942 | _cBK | ||
| 999 |
_c3374 _d3374 |
||